Now & Ben The Modern Inventions of Benjamin Franklin / (Record no. 4409)
[ view plain ]
| 000 -LEADER | |
|---|---|
| fixed length control field | 01020nam a22002777a 4500 |
| 001 - CONTROL NUMBER | |
| control field | 4409 |
| 003 - CONTROL NUMBER IDENTIFIER | |
| control field | FISKH |
| 005 - DATE AND TIME OF LATEST TRANSACTION | |
| control field | 20250827090231.0 |
| 008 - FIXED-LENGTH DATA ELEMENTS--GENERAL INFORMATION | |
| fixed length control field | 240821b cb ||||| |||| 00| 0 eng d |
| 020 ## - INTERNATIONAL STANDARD BOOK NUMBER | |
| International Standard Book Number | 9780545502610 |
| 040 ## - CATALOGING SOURCE | |
| Original cataloging agency | FISKH |
| Language of cataloging | eng |
| Transcribing agency | FISKH |
| Modifying agency | FISKH |
| 050 ## - LIBRARY OF CONGRESS CALL NUMBER | |
| Classification number | T48.B27 |
| 082 ## - DEWEY DECIMAL CLASSIFICATION NUMBER | |
| Classification number | 609.2 |
| 100 ## - MAIN ENTRY--PERSONAL NAME | |
| Personal name | Barretta, Gene |
| Relator term | author |
| 245 ## - TITLE STATEMENT | |
| Title | Now & Ben The Modern Inventions of Benjamin Franklin / |
| Statement of responsibility, etc. | by Gene Barretta |
| 250 ## - EDITION STATEMENT | |
| Edition statement | First Scholastic printing , October 2012 |
| 260 ## - PUBLICATION, DISTRIBUTION, ETC. | |
| Place of publication, distribution, etc. | New York : |
| Name of publisher, distributor, etc. | Scholastic ; |
| Date of publication, distribution, etc. | 2006 . |
| 300 ## - PHYSICAL DESCRIPTION | |
| Extent | 39 unnumbered pages : |
| Other physical details | color illustrations ; |
| Dimensions | 24 cm . |
| 490 ## - SERIES STATEMENT | |
| Series statement | Now & Ben |
| 505 ## - FORMATTED CONTENTS NOTE | |
| Formatted contents note | O <br/> |
| 520 ## - SUMMARY, ETC. | |
| Summary, etc. | Presents an introduction to the inventions of Benjamin Franklin, one of the nation's most beloved figures, credited with introducing bifocals, daylight savings time, lightning rods, and the establishment of post offices. |
| 521 8# - TARGET AUDIENCE NOTE | |
| Target audience note | 640 <br/><br/> |
| Source | Lexile <br/> |
| 521 8# - TARGET AUDIENCE NOTE | |
| Target audience note | O <br/> |
| Source | Raz-Plus <br/> |
| 650 ## - SUBJECT ADDED ENTRY--TOPICAL TERM | |
| Topical term or geographic name entry element | inventors |
| Form subdivision | non-fiction |
| 942 ## - ADDED ENTRY ELEMENTS (KOHA) | |
| Source of classification or shelving scheme | Dewey Decimal Classification |
| Koha item type | Books |
| Suppress in OPAC | No |
| Withdrawn status | Lost status | Source of classification or shelving scheme | Damaged status | Not for loan | Collection | Home library | Current library | Shelving location | Date acquired | Total Checkouts | Full call number | Barcode | Date last seen | Price effective from | Koha item type | Copy number |
|---|---|---|---|---|---|---|---|---|---|---|---|---|---|---|---|---|
| Dewey Decimal Classification | Non-Fiction | Footprints International School Library Network Toul Tom Poung Campus | Footprints International School Library Network Toul Tom Poung Campus | TTP Primary Yellow Bookshelves | 08/21/2024 | BAR 609.2 T48.B27 | FIS05093 | 08/21/2024 | 08/21/2024 | Books | ||||||
| Dewey Decimal Classification | Non-Fiction | Footprints International School Library Network Toul Tom Poung Campus | Footprints International School Library Network Toul Tom Poung Campus | TTP Primary Yellow Bookshelves | 05/07/2025 | BAR 609.2 T48.B27 | 2025-1186 | 05/07/2025 | 05/07/2025 | Books | 2 | |||||
| Dewey Decimal Classification | Non-Fiction | Footprints International School Library Network Toul Tom Poung Campus | Footprints International School Library Network Toul Tom Poung Campus | TTP Primary Yellow Bookshelves | 08/20/2025 | BAR 609.2 T48.B27 | FISSE01319 | 08/20/2025 | 08/20/2025 | Books | 3 | |||||
| Dewey Decimal Classification | Non-Fiction | Footprints International School Library Network Toul Tom Poung Campus | Footprints International School Library Network Toul Tom Poung Campus | TTP Primary Yellow Bookshelves | 08/27/2025 | BAR 609.2 T48.B27 | FIS05529 | 08/27/2025 | 08/27/2025 | Books | 4 |
